| 000 | 00000nam 2200000za 4500 |
| 001 | 9.640913 |
| 003 | CaOODSP |
| 005 | 20210624222912 |
| 007 | cr ||||||||||| |
| 008 | 150407|2012||||xxc|||||o f|0| 0 fre d |
| 020 | |a978-1-100-99911-1 |
| 040 | |aCaOODSP|bfre |
| 043 | |an-cn--- |
| 086 | 1 |aT29-106/2012F-PDF |
| 110 | 1 |aCanada.|bTransports Canada. |bSécurité maritime. |
| 245 | 10|aSupplément canadien à la Convention SOLAS |h[ressource électronique] |
| 250 | |a1ère édition |
| 260 | |aOttawa - Ontario : |bTransports Canada. |cDécembre 2012. |
| 300 | |a58p. |
| 590 | |a13-31|b2013-08-02 |
| 775 | 08|tCanadian supplement to the SOLAS Convention |w(CaOODSP)9.696813 |
| 794 | |tSupplément canadien à la Convention SOLAS |w(CaOODSP)9.857298 |
| 856 | 40|ahttp://publications.gc.ca|qPDF|s1.16 Mo|uhttps://publications.gc.ca/collections/collection_2013/tc/T29-106-2012-fra.pdf |
| 986 | |aTP 15211F (12/2012) |